| 000 | 00913cam a22002297i 4500 | ||
|---|---|---|---|
| 999 |
_c58347 _d58347 |
||
| 001 | 18672411 | ||
| 005 | 20221110131239.0 | ||
| 008 | 150624s2016 caua 001 0 eng d | ||
| 020 | _a9781483383576x | ||
| 041 | _aeng | ||
| 080 | _a004.42 А-31 | ||
| 100 | 1 |
_aAldrich, James O. _912949 |
|
| 245 | 1 | 0 |
_aUsing IBM SPSS statistics : _ban interactive hands-on approach / _cJames O. Aldrich, James B. Cunningham. |
| 250 | _aSecond edition. | ||
| 264 | 1 |
_aThousand Oaks, California : _bSage Publications Inc., _c[2016]. |
|
| 300 |
_axxiii, 447 pages : _billustrations (some color) ; _c24 cm. |
||
| 653 | _aსაინფორმაციო ტექნოლოგიები | ||
| 653 | _aკომპიუტერული პროგრამები | ||
| 653 | _aИнформационные технологии | ||
| 700 | 1 |
_aCunningham, James B. _d _eავტორი _912953 |
|
| 942 |
_2udc _cBK |
||